000 00778nam a2200193Ia 4500
008 151121s9999||||xx |||||||||||||| ||und||
082 _a621।03/कडू
082 _bHNW-57073
100 _aकडू गु। शा।
245 _aयंत्र अभियांत्रिकी परिभाषा कोश
260 _bभाषा संचालनालय महाराष्ट्र शासन।
260 _c--
300 _a123
600 _aकडू गु। शा।
630 _aयंत्र अभियांत्रिकी परिभाषा कोश
700 _aकडू गु। शा।
730 _aयंत्र अभियांत्रिकी परिभाषा कोश
942 _cBOOK
999 _c1239410
_d1239407